00927cam a22002411 4500001001300000003000400013005001700017008004100034010002300075035001700098040004800115050003600163110004800199245010300247260002300350300002300373490005100396490004700447710003900494710004000533830005200573810006000625pa 63000021 DLC20260227111856.0780328s1962 dcu i00010 eng c apa 63000021 //r853 aocl73721858  aPan American Union. LibrarycWMaUCSdWMaUCS0 aF1405.5 1959b.O7 OEA/ser.I/I.420aPan American Union.bCodification Division.00aBasic documents [of the] Inter-American Council of Jurists and Inter-American Juridical Committee.1 aWashington,c1962. aiii, 32 p.c28 cm.1 aOAS Official records,vOEA/Ser.I/I.4 (English)1 a[Inter-American Council of Jurists] CIJ-6620aInter-American Council of Jurists.20aInter-American Juridical Committee. 0aOAS official records ;vOEA/Ser.I/I.4 (English)2 aInter-American Council of Jurists.tCIJ,lEnglish,v66.